Lyrics raten #50 - Statistics

General Stats
  • This quiz has been taken 14 times
  • The average score is 33 of 94
Answer Stats
Answer % Correct
n
92%
Sie
85%
sie
85%
sie
85%
sie
85%
und
85%
und
85%
und
85%
Die
77%
die
77%
Es
77%
es
77%
Es
77%
Es
77%
ist
77%
ist
77%
ist
77%
ab
69%
der
69%
der
69%
nicht
69%
nicht
69%
wie
69%
hier
62%
hier
62%
auf
54%
in
54%
sind
54%
sind
54%
sind
54%
sind
54%
sind
54%
wahr,
54%
Wer
54%
dir
46%
für
46%
Tag
46%
Tag,
46%
zum
46%
alle
31%
doch
31%
End?
31%
Keinen
31%
keinen,
31%
Neue
31%
ganz
23%
geht
23%
gibt
23%
Schlag
23%
Schlag,
23%
Alles
15%
bei
15%
Dagobert
15%
Duck
15%
Happy
15%
mag,
15%
mag
15%
Tick,
15%
Track
15%
Trick
15%
Action,
8%
Aufruhr
8%
DuckTales
8%
DuckTales
8%
DuckTales
8%
DuckTales
8%
DuckTales
8%
DuckTales
8%
DuckTales
8%
Entenhausen
8%
geheimnissvoll,
8%
gibts
8%
Goofy,
8%
hoo)
8%
hoo)
8%
hoo)
8%
hoo)
8%
hoo)
8%
hoo)
8%
Hurrikan,
8%
Pluto
8%
Spass
8%
Stories,
8%
supertoll
8%
Turbulent
8%
verhilft
8%
Vorsicht,
8%
(Woo
8%
(Woo
8%
(Woo
8%
(Woo
8%
(Woo
8%
(Woo
8%
wunderbar
8%
No matching quizzes found
Score Distribution
Percent of People with Each Score
Percentile by Number Answered
Your Score History
You have not taken this quiz